000 00769nam a2200229 a 4500
001 000015130
003 000015130
005 20180212131626.0
008 100201s1998 dr a 000 0 spa d
040 _aBPMET
_bspa
_cBPMET
100 1 _aVerne, Julio
245 1 0 _aDe la tierra a la luna /
_bversión Rafael Calcaño
_cJulio Verne :ilustraciones Dorindo Carvalho
260 _aSanto Domingo :
_bCENAPEC,
_c1988.
300 _a111 p. :
_bils. ;
_c22 cm.
490 1 _aClásicos universales Tobogán
500 _aLa biblioteca posee la versión de 2008
700 _aCarvalho, Dorindo
_eil.
830 _nClásicos universales Tobogán
942 _2ddc
_cBK
945 _aTítulo remanenado para la BNPHU / 2018 VM
956 _aVMATEO
_b10
_c20150511
_lBPMSU
_h0069
999 _c7174
_d7174